Historia argentina : 1976-1978 /

Guardado en:
Autor Principal: Pigna, Felipe
Autores Corporativos: Diana Producciones., Escuela Superior de Comercio Carlos Pellegrini.
Formato: Deslizar
Publicado: Argentina, 2002
Series:Historia Argentina / Capítulo 10
Materias:
Etiquetas: Agregar Etiqueta
Sin Etiquetas, Sea el primero en etiquetar este registro!
LEADER 02813ngm a22003015g 4500
001 CEM.cems023255
008 130507s2002##################0###0#####d
005 20250221134303.0
245 1 0 |a Historia argentina :  |b 1976-1978 /  |c Felipe Pigna. 
260 |a Argentina,  |c 2002 
300 |a 86'. 
490 0 |a Historia Argentina / Capítulo 10 
500 |a Consultar en ventanilla. 
538 |a Soporte: DVD - Color: Si - Grabación DRD. 
590 |a Identificación anterior registrada en SIABUC: DVD Nº82 
505 0 |a El golpe militar del 24 de marzo de 1976. Videla. Massera. Agosti. "Proceso de Reorganización Nacional". Clausura del Congreso. Cambio de la Corte Suprema de Justicia. Intervención de los sindicatos. Prohibición de actividad política. Censura. Los apoyos al golpe. "El vacío de poder". Guerrilla. El FMI. Videla Presidente. Harguindeguy. Díaz Bessone. Martínez de Hoz. Gobiernos provinciales. Municipios. "Lucha antisubversiva". El programa económico. Aumento de precios del 87.5%. Reducción de sueldos. Despidos de personal del Estado. Ganancias de los grupos económicos. El país dividido en zonas y subzonas según los Cuerpos de Ejército. LRD lugar de reunión de detenidos. Los campos de concentración. Secuestros. Tortura. Detención. Ejecución. Desaparecidos. Organizaciones gremiales y estudiantiles. Militantes políticos. Guerrilleros. Intelectuales. Religiosos. Defensores de derechos humanos. Familiares de desaparecidos. Docentes. Represión en países vecinos. Plan Condor. "Acción sicológica". La política del terror. Vaciamiento intelectual y cultural. El aparato represivo. Montoneros. Asesinato del jefe de policía Cesáreo Cardozo. Atentado a la superintendencia de Seguridad Federal. Matan a Santucho. La resistencia. Huelgas. Represión. En EE.UU. asume James Carter. Gran huelga de Luz y Fuerza. Desaparece Oscar Smith. Muerte de monseñor Angelelli. Asesinato de los sacerdotes palotinos. Jaime de Nevares. Miguel Hesayne. Novak. Madres de Plaza de Mayo. Premio Nobel a Pérez Esquivel. Derechos humanos. Plata dulce. Plazos fijos al 14% mensual. Suba de precios. Tablita cambiaria. Importación de bienes innecesarios. La circular 1050 del BCRA. Muere Paulo VI. Juan Pablo I. Juan Pablo II. El conflicto del Beagle. Mundial de fútbol. Las Madres de Plaza de Mayo claman a la TV francesa. 
100 1 |a Pigna, Felipe 
710 2 |a Diana Producciones. 
710 2 |a Escuela Superior de Comercio Carlos Pellegrini. 
082 9 8 |/ PIG-1.2 
653 |a HISTORIA 
653 |a HISTORIA ARGENTINA 
653 |a FELIPE PIGNA 
653 |a DICTADURA MILITAR 
653 |a PROCESO DE REORGANIZACIÓN NACIONAL 
653 |a NIVEL SECUNDARIO 
653 |a SERIE DOCUMENTAL 
859 |a CEMS  |b BIB. CEMS - Depto. Recursos Didacticos  |h 982  |i PIG-1.2  |k DRD  |p 1898.13  |t Ej.1